[Event "RUS-ch51"]
[Site "St Petersburg"]
[Date "1998.07.28"]
[Round "1"]
[White "Kharlov, Andrei"]
[Black "Grischuk, Alexander"]
[Result "1-0"]
[WhiteElo "2575"]
[BlackElo "2490"]
[Annotator "Tsesarsky,I"]
[PlyCount "63"]
[EventDate "1998.07.28"]
[EventType "swiss"]
[EventRounds "11"]
[EventCountry "RUS"]
[SourceTitle "CBM 067"]
[Source "ChessBase"]
[SourceDate "1998.11.30"]
[SourceVersion "2"]
[SourceVersionDate "1998.11.01"]
[SourceQuality "1"]

{[%mdl 8288]} 1. d4 d5 2. c4 e6 3. Nf3 c6 4. Qb3 Bd6 (4... Nf6 5. Nc3 (5. g3
Be7 (5... dxc4 6. Qxc4 b5 7. Qb3 (7. Qc2 Bb7 8. Bg2 Nbd7 9. O-O c5 $132 {
1/2-1/2 Adianto,U-Kharlov,A/Gausdal Arnold Cup 1992/TD 92\08 (47)}) 7... Nbd7
8. Bg2 Bb7 9. O-O a6 10. a4 c5 11. axb5 Bd5 12. Qd3 c4 13. Qc2 axb5 14. Rxa8
Qxa8 15. Nc3 Bc6 16. Nh4 $11 {1/2-1/2 Nickoloff,B-Wolff,P/Philadelphia World
op 1993/EXT 93op (40)}) (5... Nbd7 6. Bg2 Qb6 (6... Be7 7. O-O Ne4 8. Nc3 f5 9.
Ne1 Nd6 10. cxd5 exd5 11. Nd3 {1/2-1/2 Davies,N-Bronstein,D/Gausdal Int 1994})
(6... Bd6 7. Bf4 Bxf4 8. gxf4 O-O 9. Nbd2 c5 $132 {Alburt,L-Smyslov,V/New York
(open) 1987 (21)}) 7. O-O Ne4 8. Nbd2 f5 9. e3 Be7 $11 {Truta,S-Kerma,S/
SLO-chT sf 1996/1-0 (56)}) 6. Bg2 O-O 7. O-O b6 (7... Nbd7 8. Rd1 (8. Bf4 b6 9.
Nc3 Ba6 10. cxd5 cxd5 11. Nb5 $14 {1-0 Fedorowicz-Pieterse/Ostende op/SW,49,15
1987 (21)}) 8... b6 9. Nc3 Bb7 10. cxd5 cxd5 11. Bf4 Nh5 12. Bd2 Nhf6 13. Rac1
$14 {1/2-1/2 Nickoloff,B-O'Donnell,T/Canada zt 1989/EXT 89 (24)}) 8. Nc3 a5 9.
Rd1 Nbd7 10. cxd5 cxd5 11. Bf4 Ba6 12. Nb5 Bb4 13. a4 Ne4 $11 {1/2-1/2 Foisor,
O-Arkhipov,S/Moscow-B 1987/TD 87\01 (17)}) 5... Qb6 (5... Be7 6. g3 dxc4 7.
Qxc4 b5 8. Qd3 Bb7 9. Bg2 Nbd7 10. O-O a6 11. Ng5 Ra7 12. a4 b4 13. Nce4 a5 14.
Qc2 Nd5 $132 {1-0 Urban,K-Seifert,H/Katowice op 1992/TD 92\04 (32)}) (5... dxc4
6. Qxc4 b5 7. Qb3 Nbd7 8. Bg5 h6 (8... Qa5 9. Bd2 b4 10. Na4 Ba6 11. Rc1 Ne4
$132 {0-1 Titz,H-Kuijf,M/Munich op9192 1992/TD 92\03 (46)}) 9. Bxf6 Qxf6 10. e3
a6 11. a4 $14 {1/2-1/2 Kharlov,A-Beshukov,S/Russia Cup GP 1997 (40)}) 6. c5 Qc7
7. g3 Nbd7 8. Bf4 Qd8 9. Qa4 Be7 10. Rc1 O-O 11. b4 $14 {0-1 Bellon Lopez,
J-Antunes,A/Thessaloniki olm 1984/BIG 80 (38)}) (4... Nd7 5. Nc3 (5. g3 Bd6 (
5... Ngf6 6. Bg2 Bd6 7. Bf4 Qa5+ 8. Nc3 Bxf4 9. gxf4 Rb8 10. O-O dxc4 11. Qxc4
Qf5 12. e3 h6 $14 {1-0 Kieninger,G-Nurnberg,F/Augsburg 1951 (28)}) 6. Bg2 f5 7.
O-O Ngf6 8. Ng5 Qe7 9. Nh3 dxc4 10. Qxc4 e5 $132 {1-0 Fedorowicz,J-Remon,A/
Mexico City 1991/TD 91\09 (36)}) (5. Bf4 Ngf6 6. Nc3 Be7 7. h3 O-O 8. e3 Ne4 9.
Bd3 Qa5 10. O-O Nxc3 11. bxc3 dxc4 12. Bxc4 Nb6 13. Bc7 Qa4 14. Qxa4 Nxa4 15.
Rfc1 Bd7 16. Bb3 Rfc8 17. Bg3 c5 $132 {0-1 Weidlich,G-Schaller,S/OLO-A 1995/
GER 11 (31)}) 5... Ngf6 6. g3 (6. Bg5 h6 7. Bxf6 Nxf6 8. e3 Be7 9. Be2 O-O 10.
O-O b6 11. Rfd1 Bb7 12. Rac1 {1/2-1/2 Robatsch,K-Zichichi,A/Rom 1980 (12)})
6... Be7 (6... Nb6 7. c5 Nbd7 8. Qa4 e5 9. b4 exd4 10. Nxd4 g6 11. Bg2 Bg7 12.
O-O O-O $132) 7. Bg2 O-O 8. O-O b6 (8... Nb6 9. cxd5 (9. c5 $6 $146 Nbd7 $15 {
[%cal Ge6e5] 1/2-1/2 Alyonkin,A-Tyomkin,D/ISR 1997/CBM 59/[Tyomkin,D] (31)})
9... exd5 10. a4 (10. Bf4 $11 {Alvarez,R-Guerra,D/ESP-ch Lleida 1991/1-0 (73)})
10... a5 $11 {0-1 Sokolsky,A-Simagin,V/Vilnius URS sf 1949 (33)}) 9. Bg5 (9.
cxd5 cxd5 10. Bf4 a6 11. Rfc1 Bb7 12. Na4 $14 {1-0 Sibilio,M-Rossi,G/Mendrisio
op 1989/EXT 89op (54)}) 9... Bb7 10. cxd5 exd5 11. Rad1 Re8 12. Rfe1 Ne4 13.
Bf4 Nxc3 14. bxc3 a5 $132 {1-0 Yanofsky,D-Allan,D/Canada zt 1986/CBM 04 (38)})
(4... Be7 5. Nc3 dxc4 6. Qxc4 b5 7. Qb3 Nf6 8. g3 a6 9. Bg2 Bb7 10. O-O c5 $11
{1/2-1/2 Sokolov,I-Lau,R/Leeuwarden op 1993/TD 93\09 (38)}) (4... f5 5. Bf4 Nf6
6. e3 $11 {1-0 Sjoberg,M-Plumans,D/Berlin 1996/CBM 55 (40)}) (4... dxc4 5. Qxc4
b5 6. Qc2 Bb7 7. e4 Nd7 8. Bd3 (8. Nc3 Rc8 9. a3 Ne7 10. Be3 Ng6 11. Be2 a6 12.
O-O c5 13. d5 $14 {1-0 Stohl,I-Knaak,R/Stara Zagora zt-B (01) ;CBM 17 1990 (21)
}) (8. Be2 a6 9. O-O c5 10. a4 b4 11. Bg5 Qc7 12. Nbd2 Ngf6 13. Rac1 Rc8 $132 {
1-0 Rashkovsky,N-Cherniaev,A/Gausdal PG (07) ;TD 93\09 1993 (36)}) (8. Nbd2
Ngf6 (8... a6 $5 9. Nb3 Ngf6 10. Be3 c5 $132) 9. a3 Qb6 (9... a6 $5 10. b4 a5
$132) 10. b4 a5 $132 {1-0 Polgar,Zs-Cramling,P/Tilburg (ct) 61/417 1994 (34)})
8... a6 9. a4 Ngf6 10. O-O Qb6 11. Nc3 b4 12. a5 $1 (12. e5 bxc3 13. exf6 c5 $1
$132 (13... cxb2 14. fxg7 bxa1=N 15. gxh8=Q Nxc2 16. Bxc2 c5 17. Ne5 $16) (
13... Nxf6 14. bxc3 $14 {1-0 Mittelman,G-Tyomkin,D/ISR-ch Jerusalem 1996/
[Tsesarsky] (31)})) 12... Qa7 13. e5 bxc3 14. exf6 gxf6 15. bxc3 c5 16. Be4 $14
{1-0 Lalic Bogdan-Rojo Gomez Jorge/It, Caseres (Spain) 1995 (25)}) 5. Bg5 (5.
Nc3 f5 (5... Nf6 6. Bg5 Nbd7 7. e3 Qa5 (7... O-O 8. cxd5 exd5 9. Bd3 Re8 $11 {
1-0 Rubene,I-Lewandowska,K/BLW-9495 1995/EXT 95ch2 (44)}) 8. cxd5 exd5 9. Bd3
Ne4 10. O-O Nxg5 11. Nxg5 h6 12. Nf3 Nf6 $11 {1-0 McCambridge,V-Kaushansky,L/
Chicago op 1985 (39)}) 6. Bg5 (6. g3 Nf6 7. Bf4 O-O (7... Bxf4 8. gxf4 O-O 9.
e3 $11) 8. Bxd6 (8. Bg2 Kh8 9. O-O Bxf4 10. gxf4 Ne4 11. e3 $14 {1-0 Jirovsky,
M-Marsalek,Z/Ceske Budejovice op 1993/EXT 93op (27)}) 8... Qxd6 9. Bg2 $14)
6... Nf6 7. e3 O-O 8. Bd3 $14 {1/2-1/2 Bany,J-Moroz,A/POL-chT Mikolajki 1991/
EXT 91ch (52)}) (5. g3 Nf6 6. Bg2 O-O 7. O-O Nbd7 8. Bg5 (8. Nc3 dxc4 (8... b6
9. Nd2 Bb7 10. e4 dxe4 11. Ndxe4 Nxe4 12. Nxe4 Be7 13. Rd1 $14 {Jirovsky
Milos-Golda Harald/Bayern Regionalliga 1995/1/2-1/2 (58)}) (8... Re8 9. Rd1 Qe7
10. Bf4 (10. Nh4 Nf8 11. Bg5 h6 12. Bxf6 Qxf6 13. e4 dxc4 14. Qxc4 e5 $132 {
Chloupek,S-Koper,S/CZE Tschechien-ch 1993/1-0 (60)}) 10... a5 11. Bxd6 Qxd6 12.
Nd2 Qb4 13. Qc2 b6 14. e4 dxc4 15. a3 Qe7 16. e5 Nd5 17. Nxc4 $14 {Chloupek,
S-Trichkov,V/Mlada Boleslav op 1995/1-0 (48)}) 9. Qxc4 e5 $11 {0-1 Tsamriuk,
A-Burmakin,V/Russia Cup GP 1997 (26)}) (8. Bf4 dxc4 9. Qxc4 Nb6 10. Qc2 Bxf4
11. gxf4 Nbd5 12. e3 $14 {1-0 Tratar,M-Zugaj,F/SLO-chJ 1993 (41)}) 8... b6 9.
Nc3 Ba6 10. cxd5 exd5 11. Rad1 Qc7 12. Rfe1 Rfe8 $11 {1/2-1/2 Vilela,J-Vera,R/
Sagua CUB ch 1982 (50)}) 5... f6 6. Bh4 Ne7 7. Bg3 O-O (7... Ng6 8. Bxd6 Qxd6
9. Qa3 Qxa3 10. Nxa3 Na6 11. e3 Nb4 12. Be2 b6 13. O-O Bb7 14. Rfc1 Rc8 15. Nc2
Nxc2 16. Rxc2 Ke7 17. Rac1 $14 {1/2-1/2 Wirthensohn,H-Ekstroem,R/SWZ-chI +
1989/EXT 89ch (28)}) 8. Nc3 (8. e3 b6 9. Nc3 (9. Nbd2 c5 10. Bd3 Nbc6 11. cxd5
exd5 12. Bxd6 Qxd6 13. dxc5 bxc5 14. Ne4 c4 15. Nxd6 cxb3 16. axb3 $16) 9...
Ba6 10. e4 Re8 11. Rd1 Ng6 12. Bd3 Nf4 13. Bxf4 Bxf4 14. O-O $14) 8... Nf5 9.
e3 (9. Bxd6 Nxd6 10. e3 dxc4 (10... Qb6 11. Qxb6 axb6 12. Nd2 Na6 13. Na4 b5
14. Nb6 (14. cxb5 Nb4 15. Nb6 Ra7 16. Nxc8 Rxc8 17. b6 Raa8 18. Ke2 Rxa2 19.
Rxa2 Nxa2 20. Nb3 Ra8 $15) 14... Ra7 15. c5 Nc4 16. Ndxc4 bxc4 17. Kd2 e5 18.
b3 cxb3 19. axb3 Bf5 20. b4 exd4 21. exd4 Re8 22. b5 cxb5 23. Bxb5 $16) 11.
Bxc4 Nxc4 12. Qxc4 b6 13. Qb3 Re8 14. O-O Ba6 15. Rfd1 $14) 9... Nxg3 10. hxg3
f5 (10... Nd7 $4 11. cxd5 exd5 12. Nxd5 $18) 11. Bd3 a5 $6 $16 (11... Nd7 $4
12. cxd5 exd5 13. Nxd5 $18) (11... Qf6 12. g4 dxc4 13. Qxc4 Kh8 14. g5 (14.
gxf5 exf5 15. Qb3 $14) 14... Qe7 15. Qb3 Nd7 16. Qc2 Qf7 17. Nh4 g6 18. f4 (18.
g4 Be7 19. gxf5 exf5 20. Bc4 Qg7 (20... Qe8 21. Nf3 $14) 21. Nf3 $14) 18... c5
19. Nb5 Be7 20. Qc3 Kg8 21. Nc7 cxd4 22. Qxd4 Rb8 23. Nxg6 Qxg6 24. Rh6 Qg7 25.
Qxg7+ Kxg7 26. Nxe6+ Kg8 27. Nxf8 Nxf8 28. Rc1 Be6 29. Ke2 $16) (11... Na6 $1
12. g4 Nb4 13. Bb1 dxc4 $1 (13... Qa5 14. gxf5 exf5 15. a3 dxc4 16. Qxc4+ Nd5
17. e4 Re8 (17... fxe4 18. Bxe4 Re8 19. O-O-O Be6 20. Bxh7+ $18) 18. Kf1 fxe4
19. Bxe4 Be6 20. Bxh7+ $18) 14. Qxc4 Kh8 15. gxf5 exf5 16. a3 Nd5 17. Nxd5 cxd5
18. Qb3 $14) 12. a3 $1 (12. g4 a4 13. Qc2 (13. Nxa4 dxc4 14. Bxc4 Rxa4 15. Qxa4
b5 16. Bxb5 cxb5 17. Qxb5 fxg4 $132) 13... dxc4 14. Bxc4 b5 15. Bd3 $14) 12...
Qe7 (12... b6 13. g4 dxc4 14. Bxc4 a4 15. Bxe6+ Kh8 16. Qa2 fxg4 17. Nh4 Qf6
18. Bxc8 Rxc8 19. Ne4 $18) 13. Ne2 $6 (13. g4 $1 a4 14. Qc2 (14. Nxa4 dxc4 $17)
14... dxc4 15. Bxc4 b5 16. Bd3 Na6 17. gxf5 exf5 18. Rc1 $16 (18. Nh4 g6 19.
Nf3 $14)) 13... Nd7 $6 (13... a4 $1 14. Qc2 b6 15. g4 dxc4 16. Bxc4 Ba6 17.
gxf5 Bxc4 18. Qxc4 Rxf5 $14) 14. g4 $6 $14 (14. Nf4 $1 a4 15. Qc2 b6 16. cxd5
cxd5 17. Bb5 (17. Ng5 Nf6 18. Bb5 Bxf4 19. gxf4 Bd7 20. Bd3 $14) 17... Bb7 18.
Bxa4 Rfc8 19. Qd1 $16) 14... Nf6 15. cxd5 (15. gxf5 exf5 16. Nc3 dxc4 17. Bxc4+
Kh8 18. Nh4 Qe8 19. Bd3 g6 $14) 15... Nxg4 16. dxc6 (16. dxe6 Bxe6 17. Bc4 Bxc4
18. Qxc4+ Rf7 19. Rh5 g6 20. Rh1 $14) 16... bxc6 17. e4 (17. Qc2 c5 18. dxc5
Bxc5 19. Rc1 Bd6 20. Ned4 Bd7 21. Bc4 Kh8 22. Nh4 Qf6 $132) 17... Rb8 (17...
fxe4 18. Bxe4 Nf6 19. Bxc6 Rb8 20. Qc2 $16) 18. Qc2 c5 $5 (18... Qb7 $1 19. Rb1
$16 (19. e5 Be7 20. Rb1 Rd8 21. Nf4 g6 22. Qc4 Bxa3 23. bxa3 (23. Nxe6 Bb4+ 24.
Ke2 Bxe6 25. Qxe6+ Kg7 26. Ng5 $16) 23... Qxb1+ 24. Bxb1 Rxb1+ 25. Ke2 Rxh1 26.
Nxe6 Bxe6 27. Qxe6+ Kh8 28. Qxc6 $18)) 19. e5 Bc7 20. Rc1 Bb6 $4 $18 (20... Rf7
$1 21. O-O (21. dxc5 Nxe5 $132) (21. Qxc5 Rxb2 22. Qc3 Ra2 23. Ra1 Rxa1+ 24.
Qxa1 Bb7 25. Nf4 $14) (21. Rh5 $6 g6 22. Rh1 cxd4 23. Nexd4 Bb7 $132) 21...
cxd4 22. Nexd4 Qe8 23. Nc6 Ra8 24. Ng5 Rf8 25. Qc5 Bd8 26. Nf3 Bb7 27. Bb5 Qg6
28. Rfd1 $14) 21. dxc5 Ba7 22. Ned4 Bb7 (22... Bd7 23. Qc4 $1 Rxb2 (23... Rfc8
24. b4 $18) (23... Kh8 24. b4 $18) 24. Bxf5 Rxf5 (24... Nxf2 25. Bxh7+ Kh8 (
25... Kf7 26. Nf5 $18) 26. Rh4 $18) 25. Nxf5 Qxc5 26. Qxc5 Bxc5 27. Rxc5 Rb1+
28. Ke2 Rxh1 29. Nd6 Kf8 30. Rxa5 Ke7 31. Nc4 Ra1 32. Nfd2 $18) 23. Bc4 $1 Bxf3
(23... Be4 24. Bxe6+ Kh8 25. Qc3 Bxf3 26. gxf3 (26. Nxf3 Qxe6 27. Rxh7+ Kg8 $17
) 26... Nxe5 27. Kf1 $18 (27. Qe3 $4 Bxc5 28. Qxe5 (28. Rxh7+ Kxh7 29. Qxe5
Bxd4 30. Bxf5+ Rxf5 31. Qxe7 Re5+ $19) 28... Bxd4 29. Qxd4 Qxe6+ 30. Kf1 $15))
24. gxf3 $2 $14 (24. Nxf5 $1 Rxf5 (24... Qf7 25. gxf3 $18) (24... Qxc5 25.
Bxe6+ Kh8 26. Qxc5 Bxc5 27. Rxc5 Bxg2 28. Rh4 Nh6 (28... Bf3 29. Nd4 $18) 29.
Nxh6 gxh6 30. b4 $18) 25. Qxf5 g6 26. Qxe6+ Qxe6 27. Bxe6+ Kg7 28. gxf3 $18)
24... Nxe5 25. Bxe6+ Kh8 26. Kf1 (26. Qe2 $2 Bxc5 $1 27. Qxe5 Bxd4 $15) 26...
Rbd8 27. Qe2 Bb8 $1 (27... Bxc5 28. Qxe5 Bxd4 29. Rxh7+ Kxh7 30. Bxf5+ Rxf5 31.
Qxe7 $18) (27... Qf6 $6 28. f4 Rxd4 29. Qxe5 Re4 30. Qxf6 Rxf6 31. Bc4 g6 32.
b4 Rxf4 33. Rh3 $16) 28. f4 Ng4 $4 $18 (28... g6 $1 29. Qe3 Ng4 30. Qc3 Qf6 31.
Ne2 Qxc3 32. Rxc3 Rd1+ 33. Kg2 Rxh1 34. Kxh1 Nxf2+ 35. Kg2 Ne4 36. Rc2 $14) (
28... Rxd4 $4 29. Rxh7+ Kxh7 30. Qh5#) (28... h6 $1 29. fxe5 Rxd4 30. Qe3 Rdd8
31. Bc4 Bxe5 32. b4 $14) 29. Nxf5 Qb7 30. c6 Qa7 31. Qxg4 g6 32. c7 1-0

[Event "RUS-chT 06th"]
[Site "St Petersburg"]
[Date "1999.05.18"]
[Round "3"]
[White "Fominyh, Alexander"]
[Black "Svirin, Oleg"]
[Result "1-0"]
[WhiteElo "2552"]
[BlackElo "2368"]
[Annotator "Tsesarsky,I"]
[PlyCount "78"]
[EventDate "1999.05.16"]
[EventType "team-tourn"]
[EventRounds "9"]
[EventCountry "RUS"]
[SourceTitle "EXT 2020"]
[Source "ChessBase"]
[SourceDate "2019.10.17"]
[SourceVersion "1"]
[SourceVersionDate "2019.10.17"]
[SourceQuality "1"]
[WhiteTeam "Tomsk Siberia"]
[BlackTeam "Smolensk TsEM"]
[WhiteTeamCountry "RUS"]
[BlackTeamCountry "RUS"]

1. d4 d5 2. c4 c6 3. Nf3 Nf6 4. e3 e6 5. Nbd2 Nbd7 6. Bd3 Be7 7. O-O b6 8. b3
Bb7 9. Bb2 O-O 10. Qe2 c5 (10... Re8 $6 11. Rad1 (11. Rac1 c5 12. Rfd1 cxd4 (
12... Rc8 13. cxd5 Nxd5 14. Ne5 Nxe5 (14... cxd4 15. Bxh7+ Kxh7 16. Qh5+ Kg8
17. Qxf7+ Kh8 (17... Kh7 18. Qg6+ Kg8 19. Qxe6+ $18) 18. Ndc4 Nxe5 19. Nxe5
Rxc1 20. Rxc1 Nf6 21. Bxd4 $16) 15. dxe5 f5 16. exf6 Bxf6 17. Nc4 Bxb2 18. Qxb2
$14 {1-0 Zarubin,P-Svirin,O/Smolensk ,EXT 1991 (31)}) 13. exd4 Rc8 $11) 11...
Bf8 (11... Qc7 12. Ne5 Nxe5 13. dxe5 Nd7 14. f4 f5 15. exf6 Bxf6 16. Bxf6 Nxf6
17. Nf3 c5 18. Ne5 Rad8 19. Rd2 {1/2-1/2 Franco,Z-Luther,T/Capablanca Premier
1997 (19)}) 12. Ne5 Nxe5 (12... Bd6 13. f4 a5 $132) 13. dxe5 Nd7 14. f4 Nc5 15.
Bc2 b5 16. Nf3 $1 h6 $1 17. cxb5 cxb5 18. Nd4 b4 $132) 11. Rfd1 (11. Rad1 cxd4
(11... Rc8 12. Ne5 Qc7 13. f4 g6 14. Ndf3 Rcd8 15. Rc1 Qb8 16. Qc2 Qa8 $132 {
1-0 Stahlberg,G-Vestol,A/Moscow olm final B 1956 (33)}) (11... Qc7 12. Ne5 Rad8
(12... Nxe5 13. dxe5 Ne4 14. cxd5 (14. Nb1 f5 15. f3 Ng5 16. h4 Nf7 17. cxd5
Nxe5 18. dxe6 Nxd3 19. Qxd3 Rad8 20. Qc4 $44 {1/2-1/2 Franco,Z-Giorgadze,G/It,
Elgoibar ESP 1997 (23)}) 14... Nxd2 (14... exd5 15. Nxe4 dxe4 16. Bc4 Bc6 (
16... Rad8 17. Qh5 g6 18. Qh6 Rxd1 19. Rxd1 Rd8 20. Rd6 $1 $18) 17. Qg4 Rad8
18. Rxd8 Qxd8 (18... Rxd8 19. e6 $18 {1-0 Polgar,Z-Varga,Z/Hungary ch 1991/
[Polgar,Zsu] (22)}) 19. Rd1 Qa8 20. e6 f6 21. a4 Kh8 $14) 15. Rxd2 Bxd5 16. f4
$132) 13. f4 Ne4 14. cxd5 exd5 15. Nxe4 dxe4 16. Bc4 cxd4 17. Bxd4 Nf6 (17...
Nxe5 18. fxe5 (18. Bxe5 Qc6 $11) 18... Bc8 $11) 18. Ng4 Nxg4 19. Qxg4 g6 (19...
Rxd4 20. Rxd4 Bc6 21. Qe2 $18 {1-0 Mikhalchishin,A-Slobodjan,R/Dortmund A 1993
(30)}) 20. f5 Bc8 21. fxg6 Bxg4 22. gxf7+ Rxf7 23. Bxf7+ Kf8 24. Be6+ Bf3 25.
gxf3 $16) 12. exd4 Rc8 13. Ne5 Rc7 14. f4 g6 15. Qe3 a6 16. Qh3 dxc4 17. bxc4
b5 $132 {0-1 Ivkov,B-Bacrot,E/Cannes Generations 1996 (53)}) (11. Rac1 Ne4 12.
Rfd1 (12. cxd5 exd5 13. Rfd1 Bf6 14. Ne5 Nxd2 15. Rxd2 cxd4 16. Nxd7 Qxd7 17.
Bb5 Qe6 18. Bxd4 $14 {1/2-1/2 Chiburdanidze,M-Ioseliani,N/Belgrade Yugometal
1996/EXT 96b (18)}) 12... Nxd2 13. Rxd2 cxd4 14. Nxd4 Nf6 $11 (14... Rc8 15.
Rcd1 Nf6 $14 (15... Nc5 16. Bb1 Qe8 17. cxd5 Bxd5 18. Nf5 $16 {1-0 Landa,
K-Malakhov,V/ch-RUS KO, Elista RUS (1.2) 1997 (53)}))) (11. cxd5 Nxd5 12. Rac1
Rc8 13. Nc4 cxd4 14. Nxd4 a6 15. Nf3 $11 {1/2-1/2 Makarov,M-Neverov,V/St.
Petersburg 1995 (15)}) 11... Rc8 (11... cxd4 12. exd4 dxc4 (12... Rc8 13. Ne5
Re8 (13... Rc7 $132) 14. Ndf3 h6 (14... Rc7 15. Nxf7 $1 $18) 15. Rac1 Nf8 16.
Rc2 N6d7 $132 {1-0 Mainka,G-Poschke,M/Dortmund 1995 (36)}) 13. bxc4 (13. Nxc4
Nd5 $15) 13... Re8 14. Ne5 Nxe5 15. dxe5 Nd7 16. Ne4 Qc7 17. Nd6 $14) (11...
Bd6 12. Ne5 Qe7 (12... cxd4 13. exd4 Rc8 $132) 13. a3 Rfd8 14. Nf1 Nf8 15. Ng3
$132 {1-0 Heinicke,H-Preusse,A/Bad Harzburg 1938 (36)}) (11... a5 12. a4 Qc7
13. Rac1 Rad8 14. h3 {1/2-1/2 Hoi,C-Kristensen,B/Ringsted ch-DK(4) 1995 (14)} (
14. cxd5 exd5 $11)) 12. Rac1 (12. e4 dxe4 13. Nxe4 Qc7 $11 (13... cxd4 14. Nxd4
Nxe4 15. Bxe4 Bxe4 16. Qxe4 Nf6 17. Qe2 Qc7 $11) 14. Rd2 cxd4 15. Bxd4 $11 {
0-1 Fominyh,A-Almasi,Z/Elista 1998/CBM 66 ext/ (43)} (15. Nxd4 $11)) 12... cxd4
(12... Rc7 13. Ne5 (13. cxd5 Nxd5 14. Bb5 Qa8 15. Bxd7 Rxd7 16. dxc5 Bxc5 17.
Ne5 Rdd8 18. Nd3 $11 {1/2-1/2 Eliskases-Foguelman/Buenos Aires t Nacional
Preliminar 1970 (51)}) 13... Qa8 14. f4 dxc4 15. bxc4 Ne4 16. Bxe4 Bxe4 17. d5
Nf6 (17... exd5 18. Nxe4 $18) 18. Nxe4 Nxe4 19. dxe6 fxe6 20. Qg4 $14 {1-0
Kotov,A-Von Freiman,S/Kiev 1938 (36)}) 13. exd4 Re8 (13... dxc4 14. bxc4 Qc7
15. Ne5 (15. d5 $5 Nc5 16. Ng5 (16. Nb3) 16... h6 (16... Nxd3 $2 17. Qxd3 {
[%csl Rh7][%cal Gb2f6]}) 17. Nge4 exd5 (17... Nfxe4 18. Bxe4 Bd6 19. h3 $132)
18. Nxf6+ Bxf6 19. Bxf6 Nxd3 20. Qxd3 gxf6 21. Qh3 (21. cxd5 Qxc1 22. Rxc1
Rxc1+ 23. Nf1 Rfc8 24. d6 R8c3 25. Qe2 Bc8 $17) (21. Qe3 Kg7 22. cxd5 (22. Nf3
Rfe8 23. cxd5 Qxc1 24. Qxc1 (24. Rxc1 Rxe3 25. Rxc8 Rxf3 $19) 24... Rxc1 25.
Rxc1 Bxd5 $19) 22... Qxc1 23. Rxc1 Rxc1+ 24. Nf1 Rfc8 $17) 21... Qf4 22. g3 Qe5
23. Re1 Qg5 24. f4 Qg6 25. Qd7 $132) (15. a3 Rfd8 $132) 15... Nxe5 16. dxe5 Nd7
17. Nb3 (17. Qh5 $6 g6) (17. Nf1 Rfd8 $15 {0-1 Bondarevsky,I-Mazel,I/Leningrad
1938 (34)}) 17... Rfd8 $11) 14. h3 (14. Ne5 dxc4 15. Ndxc4 (15. bxc4 Qc7 (15...
Nxe5 16. dxe5 Nd7 17. Ne4 Qc7 18. Nd6 Bxd6 19. exd6 Qc6 20. Qg4 $14) 16. Ndf3
$132) 15... Rc7 $132) 14... Rc7 15. Qe3 (15. Ne5 Qa8 $132) 15... Bd6 16. a4 a5
$6 {[%csl Rb5]} (16... Qa8 $11) (16... dxc4 17. bxc4 Qa8 18. Ng5 Rcc8 (18...
Bxg2 19. f3 $16) 19. Nde4 Be7 $132) 17. Nb1 {[%cal Gb1a3,Ga3b5]} (17. Ne5 Qa8
18. Ndf3 h6 (18... Rec8 $2 19. Nxf7 $18) 19. Re1 Rcc8 $132) 17... Ne4 $2 $14 (
17... Qa8 18. Be2 $1 $14 {[%csl Yf3]} (18. Ne5 dxc4 19. Nxc4 Bb4 $132) (18.
Nbd2 $132) (18. Na3 dxc4 19. bxc4 Bxf3 20. gxf3 Qb8 21. Nb5 Rcc8 22. Nxd6 Qxd6
23. c5 Qc7 24. Bb5 Red8 25. c6 Nf8 26. Kh1 (26. Ba6 Nd5 27. Qe4 Rb8 $132) 26...
Nd5 27. Qg5 h6 28. Qg3 $132)) 18. Na3 Qf6 $5 $16 (18... Qa8 19. Nb5 $16) (18...
Bc6 $1 19. Nb5 Bxb5 20. axb5 Ndf6 $14) 19. g3 $2 {White do not notice or
underestimate of a strong piece sacrifice resulting in complicated struggle
with mutual chances.} (19. Bxe4 $1 dxe4 20. Ne5 Nxe5 21. dxe5 Bxe5 22. Bxe5
Qxe5 23. Qxb6 $16) 19... Nxg3 $1 $132 (19... Bc6 20. Nb5 (20. Bxe4 dxe4 21. Ne5
Bxe5 22. dxe5 Qf5 23. g4 Qg6 24. Nb5 Bxb5 25. axb5 h5 26. g5 Nc5 27. Rd6 $14)
20... Bxb5 21. axb5 $14) 20. fxg3 Bxg3 21. Nb5 (21. Bxh7+ Kxh7 22. Ng5+ Kg6 23.
Qxg3 Qxg5 24. Qxg5+ Kxg5 25. Nb5 Rc6 26. Na7 $11) (21. cxd5 Bf4 22. Qe4 Bxd5
23. Qxh7+ Kf8 24. Be4 Be3+ 25. Kg2 Bxc1 26. Bxc1 Rxc1 27. Rxc1 Qf4 28. Rc8 Rxc8
29. Bxd5 Rd8 30. Bb7 Nf6 31. Qc2 Nh5 32. Qf2 $15) 21... Rcc8 (21... Bf4 22. Qf2
$16) 22. Rf1 (22. cxd5 Bf4 23. Qe4 Bxc1 24. Qxh7+ (24. Bxc1 g6 25. Qg4 Bxd5 26.
Ng5 $15) 24... Kf8 25. Rxc1 Rxc1+ 26. Bxc1 Qxf3 27. Ba3+ Nc5 28. dxc5 Qe3+ 29.
Kf1 Qf3+ 30. Kg1 Qe3+ $11) (22. Rc3 dxc4 23. Bxc4 Qf5 24. Kg2 Bf4 25. Qf2 Nf6
$15) 22... Bf4 23. Qe2 Qh6 (23... Bxc1 $6 24. Bxc1 $14) 24. Rce1 (24. Qg2 dxc4
25. Rxc4 Bd5 26. Rc3 $132) 24... dxc4 (24... Qxh3 25. Qg2 Qxg2+ (25... Qh6 26.
Qh1 Qxh1+ 27. Kxh1 Nf6 $132) 26. Kxg2 Nf6 $132) 25. bxc4 Qxh3 26. Qg2 Qh6 (
26... Qxg2+ 27. Kxg2 g5 $132) 27. Kf2 (27. Qh1 Be3+ 28. Kg2 Qg5+ 29. Kh3 Qh6+ (
29... Qf4 30. Qh2 Qh6+ 31. Kg2 Qxh2+ 32. Kxh2 Bf4+ 33. Kg2 g5 $132 (33... Nf6
$132)) 30. Kg2 Qg5+ $11) 27... Nf6 $4 $18 (27... Bxf3 28. Qxf3 (28. Kxf3 Bd2
29. Rg1 Bxe1 30. Rxe1 e5 $17) 28... Qh2+ 29. Qg2 Bg3+ 30. Kf3 Qxg2+ 31. Kxg2
Bxe1 32. Rxe1 Red8 $15) 28. Rh1 Nh5 29. Rh3 $6 (29. d5 $1 {[%csl Rg7,Rh5]} Bg3+
30. Qxg3 $1 Nxg3 31. Rxh6 gxh6 32. Nd6 $1 $18 {[%csl Rb7,Rc8,Re8,Rg3]} (32.
Kxg3 $16)) 29... g6 30. Nc3 $4 $14 (30. Reh1 $1 Be3+ 31. Kf1 Qf4 32. d5 $18)
30... Red8 (30... Qg7 31. Ne4 Bh6 32. Nd6 Nf4 {[%csl Rd3,Rh3]} 33. Qf1 Nxh3+
34. Qxh3 Bc6 $14) 31. Ne4 Bxe4 32. Rxe4 e5 $4 $18 (32... Kf8 $1 33. Ba3+ (33.
Ne5 Bxe5 34. Rxe5 Qf4+ (34... Qd2+ 35. Re2 Qb4 36. Qg5 $16) 35. Ke1 Rxd4 36.
Bxd4 Qxd4 37. Qe4 Qa1+ 38. Kf2 Nf6 39. Qb7 Rxc4 40. Bxc4 Qxe5 $44) 33... Bd6
34. Bxd6+ Rxd6 35. Ng5 Rd7 (35... Kg8 36. Be2 Qg7 37. Bxh5 gxh5 38. Rg3 $18)
36. Kg1 $14) 33. Nxe5 Bxe5 34. Rxe5 Rxd4 (34... Qd2+ 35. Re2 $18) 35. Bxd4 Qf4+
36. Ke2 (36. Kg1 Qxd4+ 37. Rhe3 Nf4 38. Qe4 $18) 36... Qxd4 37. Rhxh5 Rd8 (
37... Qb2+ 38. Kf1 $18) 38. Qe4 Qb2+ 39. Bc2 Kg7 {The plenty of mistakes from
both sides is explained first of all by extremely complexity of a position and
probably of zeitnot.} 1-0